Mastering Modern World History / (Record no. 782)

MARC details
000 -LEADER
fixed length control field 01391cam a2200349 a 4500
001 - CONTROL NUMBER
control field 13917781
003 - CONTROL NUMBER IDENTIFIER
control field OSt
005 - DATE AND TIME OF LATEST TRANSACTION
control field 20230607091745.0
008 - FIXED-LENGTH DATA ELEMENTS--GENERAL INFORMATION
fixed length control field 050401s2005 enkab b 001 0 eng
010 ## - LIBRARY OF CONGRESS CONTROL NUMBER
LC control number 2005045522
020 ## - INTERNATIONAL STANDARD BOOK NUMBER
International Standard Book Number 9781403939821
020 ## - INTERNATIONAL STANDARD BOOK NUMBER
International Standard Book Number 1403939829
040 ## - CATALOGING SOURCE
Original cataloging agency DLC
Transcribing agency DLC
Modifying agency DLC
042 ## - AUTHENTICATION CODE
Authentication code pcc
050 00 - LIBRARY OF CONGRESS CALL NUMBER
Classification number D421
Item number .L69 2005
082 00 - DEWEY DECIMAL CLASSIFICATION NUMBER
Classification number 909.82
Item number LOW
100 1# - MAIN ENTRY--PERSONAL NAME
Personal name Lowe, Norman.
245 10 - TITLE STATEMENT
Title Mastering Modern World History /
Statement of responsibility, etc. Norman Lowe.
250 ## - EDITION STATEMENT
Edition statement 4th ed.
260 ## - PUBLICATION, DISTRIBUTION, ETC. (IMPRINT)
Place of publication, distribution, etc. Houndmills, Basingstoke, Hampshire ;
-- New York :
Name of publisher, distributor, etc. Palgrave Macmillan,
Date of publication, distribution, etc. 2005.
300 ## - PHYSICAL DESCRIPTION
Extent xxi, 642 p. :
Other physical details ill., maps ;
Dimensions 24 cm.
440 #0 - SERIES STATEMENT/ADDED ENTRY--TITLE
Title Palgrave master series
504 ## - BIBLIOGRAPHY, ETC. NOTE
Bibliography, etc Includes bibliographical references (p. 615-625) and index.
650 #0 - SUBJECT ADDED ENTRY--TOPICAL TERM
Topical term or geographic name as entry element History, Modern
Chronological subdivision 20th century.
650 #0 - SUBJECT ADDED ENTRY--TOPICAL TERM
Topical term or geographic name as entry element History, Modern
Chronological subdivision 21st century.
856 42 - ELECTRONIC LOCATION AND ACCESS
Materials specified Contributor biographical information
Uniform Resource Identifier <a href="http://www.loc.gov/catdir/enhancements/fy0624/2005045522-b.html">http://www.loc.gov/catdir/enhancements/fy0624/2005045522-b.html</a>
856 42 - ELECTRONIC LOCATION AND ACCESS
Materials specified Publisher description
Uniform Resource Identifier <a href="http://www.loc.gov/catdir/enhancements/fy0624/2005045522-d.html">http://www.loc.gov/catdir/enhancements/fy0624/2005045522-d.html</a>
856 41 - ELECTRONIC LOCATION AND ACCESS
Materials specified Table of contents only
Uniform Resource Identifier <a href="http://www.loc.gov/catdir/enhancements/fy0624/2005045522-t.html">http://www.loc.gov/catdir/enhancements/fy0624/2005045522-t.html</a>
906 ## - LOCAL DATA ELEMENT F, LDF (RLIN)
a 7
b cbc
c orignew
d 1
e ocip
f 20
g y-gencatlg
942 ## - ADDED ENTRY ELEMENTS (KOHA)
Source of classification or shelving scheme Dewey Decimal Classification
Koha item type Books
Holdings
Withdrawn status Lost status Source of classification or shelving scheme Damaged status Not for loan Home library Current library Date acquired Total Checkouts Full call number Barcode Date last seen Price effective from Koha item type
    Dewey Decimal Classification     Bunge Tower Library Bunge Tower Library 06/07/2023   909.82 LOW 10014490 06/07/2023 06/07/2023 Books
    Dewey Decimal Classification     Bunge Tower Library Bunge Tower Library 06/07/2023   909.82 LOW 10014406 06/07/2023 06/07/2023 Books
    Dewey Decimal Classification     Bunge Tower Library Bunge Tower Library 06/07/2023   909.82 LOW 10014313 06/07/2023 06/07/2023 Books
    Dewey Decimal Classification     Bunge Tower Library Bunge Tower Library 06/07/2023   909.82 LOW 10014489 06/07/2023 06/07/2023 Books
LIBRARY OPENING HOURS

When the Parliament is sitting: 8.00a.m - 7.00p.m or until the house adjourns
Mondays and Fridays and when the House is on Recess:  8.00a.m - 5.00p.m
Closed on Weekends and Public Holidays

Online Public Access Catalog (OPAC)
Website: http://www.parliament.go.ke
Bunge Library: https://libraryir.parliament.go.ke
Contact: library@parliament.go.ke | Tel no: (254-2)2221291 or 2848000 Ext 5043